"Totalitarismus" und "Politische Religionen". - Paderborn [u.a.] : Schöningh [Rezension]

Titel: "Totalitarismus" und "Politische Religionen". - Paderborn [u.a.] : Schöningh [Rezension]
Verfasser:
In: Neue politische Literatur, Band 46 (2001), Seite 477-480
alle Artikel anzeigen
Veröffentlicht: 2001
Format: Aufsatz
Sprache: Deutsch
Kein Bild verfügbar
X
alg: 39501705
001A    $01999:12-11-16 
001B    $01999:01-06-17 $t18:16:09.000 
001D    $01999:12-11-16 
001U    $0utf8 
001X    $00 
002@    $0Aox 
003@    $039501705X 
007A    $039501705X $aHEB 
007T    $0Herd43616 
010@    $ager 
011@    $a2001 
021A    $a"Totalitarismus" und "Politische Religionen". - Paderborn {[u.a.] : Schöningh [Rezension] 
028A    $aUmland $dAndreas 
031A    $d46 $h477-480 $j2001 
039B    $aIn $8--Abvc--. Neue politische Literatur. - Wiesbaden : Springer VS, 1956-. - ISSN 0028-3320 $x200100000460000523 $9046846980 
039T    $8--Acu--. "Totalitarismus" und "Politische Religionen". - Paderborn {[u.a.] : Schöningh $9057180121 
045T    $a3,6 

lok: 39501705 78

exp: 39501705 78 1 #EPN
201B/01 $018-11-16 $t13:29:45.000 
201U/01 $0utf8 
203@/01 $0791315665 
208@/01 $a12-11-16 $be 
209A/01 $a/ $f000 $x00 
220C/01 $aTitelaufnehmer: ej 
244Z/01 $2Trx $#arvustused $#recenzijos $#Reviews $#recenziók $#recenzje $#recenzie $#recenze $8--Trx--Rezensionen $x01 $9391357441 
247C/01 $82080>Marburg/Lahn, Herder-Institut, Forschungsbibliothek, Bibliographieportal $9336309341
LEADER 00000caa a22000002c 4500
001 39501705X
003 DE-603
005 20170601181609.0
007 tu
008 161112s2001 xx |||| | u00||u|ger c
035 |a (DE-599)HEB39501705X 
040 |a DE-603  |b ger  |c DE-603  |d DE-603 
041 |a ger 
084 |a 3,6  |2 ssgn 
100 1 |a Umland, Andreas 
245 0 0 |a "Totalitarismus" und "Politische Religionen". - Paderborn ˜[u.a.] œ: Schöningh [Rezension] 
264 0 |c 2001 
773 0 8 |i In  |t Neue politische Literatur  |d Wiesbaden : Springer VS, 1956-  |x 0028-3320  |g Band 46 (2001), Seite 477-480  |w (DE-603)046846980  |w (DE-600)3402-2 
787 0 8 |i Rezension von  |t "Totalitarismus" und "Politische Religionen"  |d Paderborn ˜[u.a.] œ: Schöningh  |w (DE-603)057180121 
924 0 |9 2080  |a (DE-603)791315665  |b DE-2080  |c HES  |d d  |g /